Normal view
MARC view
Entry Personal Name
001 - CONTROL NUMBER
- control field: 46141
003 - CONTROL NUMBER IDENTIFIER
- control field: dpl
005 - DATE AND TIME OF LATEST TRANSACTION
- control field: 20120501145855.0
008 - FIXED-LENGTH DATA ELEMENTS
- fixed length control field: 120501|||a|||||| | ||| d
040 ## - CATALOGING SOURCE
- Original cataloging agency: dpl
- Transcribing agency: dpl
100 ## - HEADING--PERSONAL NAME
- Personal name: श्रीवास्तव, गरिमा
670 ## - SOURCE DATA FOUND
- Source citation: Work cat.: (dpl): श्रीवास्तव, गरिमा, भाषा और भाषा विज्ञान /, 2006
670 ## - SOURCE DATA FOUND
- Source citation: Work cat.: (dpl): श्रीवास्तव, गरिमा, भाषा और भाषा विज्ञान /, 2006
